000 00789pam a2200253 a 4500
001 3119
005 20240207131723.0
020 _a0590132075
040 _aDLC
_cDLC
_dDLC
_beng
050 0 0 _aPZ7.W1675
_b1989
082 0 0 _a823.914
100 1 _aWalsh, Ellen Stoll
245 1 0 _aMouse paint /
_cEllen Stoll Walsh.
260 _aNew York :
_bScholastic,
_c1989
300 _a30 unnumbered pages :
_bcolor illustrations ;
_c19 cm.
505 _aG
520 _aThree white mice discover jars of red, blue, and yellow paint and explore the world of color.
521 _a371
_bLexile
521 _aG
_bRaz-Plus
650 1 _aColor
_xFiction.
650 1 _aMice
_xFiction.
906 _a7
_bcbc
_corignew
_d1
_eocip
_f19
_gy-gencatlg
942 _2ddc
_cBK
_n0
999 _c3119
_d3119